Statistics for Dingbats hard

Click here to take the quiz!

General Stats

  • This quiz has been taken 41 times
  • The average score is 5 of 15

Answer Stats

HintAnswer% Correct
BAN ANABanana split
78%
GROUND
foot, foot, foot, foot, foot, foot
Six foot underground
73%
pot00000000potatoes
54%
RUauLEGolden Rule
43%
eb ll'iI'll be back
43%
shopshopshop
.........................u
Shop till you drop
43%
kcapbackpack
41%
Donald
Daisy
Adult Gosling
duck duck goose
32%
T. M
A. U
H. S
W. T
What goes up must come down
32%
M1YL1I1F1EFor once in my life
24%
Janoban inside job
19%
HIJKLMNOWater
16%
IRUOYTPut your back into it
8%
13579 azodds and ends
5%
EXIT
LEG
out on a limb
5%

Score Distribution

Percentile by Number Answered

Percent of People with Each Score

Your Score History

You have not taken this quiz